Normal view
MARC view
Entry Personal Name
001 - CONTROL NUMBER
- control field: 1452007
003 - CONTROL NUMBER IDENTIFIER
- control field: NLI
005 - DATE AND TIME OF LATEST TRANSACTION
- control field: 20231019152624.0
008 - FIXED-LENGTH DATA ELEMENTS
- fixed length control field: 231019|| aca||aabn | a|a d
040 ## - CATALOGING SOURCE
- Original cataloging agency: NLI
- Transcribing agency: NLI
100 ## - HEADING--PERSONAL NAME
- Personal name: Chandran, M.R
670 ## - SOURCE DATA FOUND
- Source citation: Work cat.: (NLI)1574377: 880-01, Home and world :, 2020
